000 00630nmm a2200181Ia 4500
008 251105s9999||||xx |||||||||||||||||und||
041 _aspa
100 _aHernández Saavedra, Miguel Ángel
245 0 _aFilosofía y ciudadanía :
_b 1º Bachillerato
264 _a[Madrid, España] :
_bMinisterio de Educación, Cultura y Deporte de España,
_c2010
300 _a279 páginas
490 _aBachillerato a distancia
650 _aTeen & Young Adult Non Fiction
700 _aHernández Saavedra, Miguel Ángel
700 1 _a López Isern, Rodolfo
856 _uhttps://public.digitaliapublishing.com/a/14750
942 _cCF
999 _c66847
_d66847